000 00981nam a2200241Ia 4500
003 GCL
008 140319s9999 xx 000 0 ara d
040 _aGCL /
_cGCL
082 0 4 _aم
_b953
_bا م
100 1 _aاحمد شلبى
245 1 0 _aموسوعة التاريخ الاسلامى والحضارة الاسلامية ( مج 3 ) :
_bالخلافة العباسية مع اهتمام خاص بالعصر العباسى الاول /
_cاحمد شلبى
260 _aالقاهرة :
_bمكتبة النهضة المصرية
300 _aمتعدد ؛
_c24 سم
650 0 4 _aالتاريخ الاسلامى
650 0 4 _aالدولة السلجوقية
650 0 4 _aالحضارة الاسلامية
650 0 4 _aالخلافة العباسية
650 0 4 _aالتاريخ الاسلامى - الدولةالعباسية
650 0 4 _aالاتراك
650 0 4 _aالدولة العباسية - خلفاء
650 0 4 _aبنو بويه
942 _2ddc
_cBK
999 _c55554
_d55554